Hải Triều 60 năm nhìn lại

Guardado en:
Detalles Bibliográficos
Formato: Libro
Lenguaje:Undetermined
Publicado: Hà Nội Văn học 2013
Materias:
Etiquetas: Agregar Etiqueta
Sin Etiquetas, Sea el primero en etiquetar este registro!
Thư viện lưu trữ: Trung tâm Học liệu Trường Đại học Cần Thơ
LEADER 00635nam a2200181Ia 4500
001 CTU_211408
008 210402s9999 xx 000 0 und d
082 |a 895.92209 
082 |b H103 
245 0 |a Hải Triều 60 năm nhìn lại 
245 0 |c Phạm Hồng Toàn (Sưu tầm, biên soạn và giới thiệu) 
260 |a Hà Nội 
260 |b Văn học 
260 |c 2013 
650 |a Văn học Việt Nam,Vietnamese literature 
650 |x Lịch sử và phê bình,History and criticism 
904 |i Hà Phương Trung,Hải 
980 |a Trung tâm Học liệu Trường Đại học Cần Thơ